000 00441nam a2200181Ia 4500
008 170705s9999 xx 000 0 und d
020 _a9780545556439
245 _aBlizzard of glass :
245 _bthe halifax explosion of 1917 /
245 _cSally M. Walker.
260 _aNew York :
260 _bScholastic,
260 _c2011
300 _a145 pages :
300 _bcolor illustration ;
300 _c23cm.
500 _a1100
999 _c336315
_d336315